000 00586nam a2200181 i 4500
001 22784
003 ES-MaACL
005 20230906152745.0
007 t|
008 021204s1912 sp ||||1| spa d
100 1 _aAlonso de Velasco, Ismael.
_920293
245 1 0 _aColonias escolares y sanatorios marítimos /
_cIsmael Alonso de Velasco.
260 _aMadrid :
_b[s.n.,
_c1912] (
_fEstab. Tip. de José Izquierdo)
300 _a37 p. ;
_c23 cm.
650 4 _aColonias escolares-
_zEspaña.
_9148577
650 0 0 _aNiños-
_xAsistencia sanitaria.
_9160854
852 _aES-MaACL
_jT-1378-F-4
999 _c22784
_d22784